000 00747nam a2200253 i 4500
003 DO-SdBNP
005 20230927092316.0
007 ta
008 110413s1980 xxu 000 j spa d
040 _aDO-SdBNP
_bspa
_cBNPHU
_erda
082 _bP358u
_222
100 _aPeñalver, Luis Manuel
_eautor
_938226
245 0 0 _aLa universidad y el año 2000 /
_cLuis Manuel Peñalver
264 1 _aSantiago de los Caballeros :
_bUniversidad Católica Madre y Maestra,
_c1980.
300 _a35 páginas ;
_c27 cm.
336 _2rdacontent
_atexto
_btxt
337 _2rdamedia
_asin mediación
_bn
338 _2rdacarrier
_avolumen
_bnc
590 _aInventariado, 2023/ DG
700 _984128
700 1 _984129
910 _aDG
942 _2ddc
_cLF2
999 _c54956
_d54956